000 00565nam a2200217Ia 4500
008 210210b2009 xxu||||| |||| 00| 0 eng d
020 _a9788132101703
041 _aeng
082 _a658.3 KAVH
100 _aKAVANAGH (Michael J)
245 _aHuman resource information systems
260 _aNew Delhi
_bSage Publications India Pvt. Limited.
_c2009
300 _axviii-469
650 _asystems
650 _aresource
650 _ainformation
650 _aHuman
690 _aHuman Resource Management
700 _aTHITE (Mohan)
906 _a066154
999 _c146534
_d146534